000 00836nam1a22002411i 4500
001 rc\4734586
005 20240726061541.0
035 _a(NLR Aleph) 008449432
090 _a9527880
_c9527880
100 _a20130416d1959 |||y0rusy50 ca
101 1 _arus
_cfre
102 _aRU
105 _a z |||||
200 1 _aСобрание сочинений
_eВ 15 т.
_e[Пер. с фр.
_fОбщая ред. и вступ. статья, с. 3-42, Б.Г. Реизова]. Т. 1-
210 _aМосква
_cПравда
_d1959
215 _d21
225 1 _aБиблиотечка "Огонек"
700 1 _aСтендаль
_bФ.
_f1783-1842
_gФредерик
702 1 _aРеизов
_bБ.Г.
_gБорис Георгиевич
_4340
_4080
801 0 _aRU
_bNLR
_gpsbo
801 1 _aRU
_bELAR
_2rusmarc
852 _aNLR
_j59-3/4007
942 _cBOOK